Little women, or, Meg, Jo, Beth, and Amy / (Record no. 137132)

MARC details
000 -LEADER
fixed length control field 00598nam a2200205 4500
010 ## - LIBRARY OF CONGRESS CONTROL NUMBER
LC control number B-042149
020 ## - INTERNATIONAL STANDARD BOOK NUMBER
International Standard Book Number 1582790698
035 ## - SYSTEM CONTROL NUMBER
System control number B-042149
037 ## - SOURCE OF ACQUISITION
Source of stock number/acquisition Cen Lib / Ret
040 ## - CATALOGING SOURCE
Original cataloging agency DPL
Language of cataloging En
082 ## - DEWEY DECIMAL CLASSIFICATION NUMBER
Classification number N
Item number ALC
100 ## - MAIN ENTRY--PERSONAL NAME
Personal name Alcott, Louisa M.
245 ## - TITLE STATEMENT
Title Little women, or, Meg, Jo, Beth, and Amy /
Statement of responsibility, etc by Louisa May Alcott
260 ## - PUBLICATION, DISTRIBUTION, ETC. (IMPRINT)
Place of publication, distribution, etc Naples, FL
Name of publisher, distributor, etc Trident Press International,
Date of publication, distribution, etc 2000
300 ## - PHYSICAL DESCRIPTION
Extent 532p
Dimensions 27cm(Hb)
650 ## - SUBJECT ADDED ENTRY--TOPICAL TERM
Topical term or geographic name as entry element English literature -- 19th century.
650 ## - SUBJECT ADDED ENTRY--TOPICAL TERM
Topical term or geographic name as entry element Sisters -- Fiction.
650 ## - SUBJECT ADDED ENTRY--TOPICAL TERM
Topical term or geographic name as entry element Family life -- New England -- Fiction.
942 ## - ADDED ENTRY ELEMENTS (KOHA)
Source of classification or shelving scheme Dewey Decimal Classification
Koha item type English Books
Classification part N
Call number suffix ALC
Holdings
Withdrawn status Lost status Materials specified (bound volume or other part) Damaged status Not for loan Home library Current library Date acquired Source of acquisition Total Checkouts Total Renewals Full call number Barcode Date last seen Date checked out Copy number Price effective from Koha item type Source of classification or shelving scheme Collection code
    v 1 & 2     Bawana Bawana 18/03/2016 Cen Lib/Ret 3   N ALC B-42152 06/08/2025 23/07/2025 1 18/03/2016 English Books Dewey Decimal Classification Fiction
    v 1 & 2     Central Library Central Library 18/03/2016 Cen Lib/Ret 9 4 N ALC B-042149 25/09/2025 10/06/2025 1 18/03/2016 English Books    

© Delhi Public Library
Hit Counter
free hit counter